| 000 | 00550nam a2200181ua 4500 | ||
|---|---|---|---|
| 001 | 000018114 | ||
| 005 | 20200929165348.0 | ||
| 008 | 830721s1973 ag 000 p spa | ||
| 040 |
_aDO-SdBNP _bspa _cDLC _dBNPHU |
||
| 082 |
_aA861.42 _bB977h |
||
| 100 | 1 |
_aBusciolano Lazo, Geraldo, _d1904- _939257 |
|
| 245 | 1 | 0 |
_aHoras grises : _bpoemas /. |
| 260 |
_aCordoba, (Argentina) : _bEditorial TA.P.AS, _c1973. |
||
| 300 |
_a55 p. ; _c22 cm. |
||
| 650 | 4 |
_aPoesÃa argentina _93859 |
|
| 650 | 4 |
_aLiteratura argentina _93860 |
|
| 910 | _aCatalogación derivada | ||
| 999 |
_c17635 _d17635 |
||